| 000 | 00785nam a2200205 i 4500 | ||
|---|---|---|---|
| 001 | 35496 | ||
| 003 | ES-MaACL | ||
| 005 | 20230906155135.0 | ||
| 007 | t| | ||
| 008 | 030213s1962 sp df |||| | spa d | ||
| 100 | 1 |
_aBosque Maurel, Joaquín. _930700 |
|
| 245 | 1 | 0 |
_aGeografía urbana de Granada / _cpor Joaquín Bosque Maurel. |
| 260 |
_aZaragoza : _bInstituto Juan Sebastián Elcano, Departamento de Geografía Aplicada, _c1962. |
||
| 300 |
_a313 p., 45 lám. : _b8 gráf- ; _c27 cm. |
||
| 500 | _aPrecede al tít.: Consejo Superior de Investigaciones Científicas. | ||
| 651 | 4 |
_aGranada- _xDescripción. _98768 |
|
| 651 | 4 |
_aGranada- _xGeografía. _9169503 |
|
| 710 | 2 |
_aInstituto Juan Sebastián Elcano. _bDepartamento de Geografía Aplicada. _95114 |
|
| 852 |
_aES-MaACL _jG-3872 |
||
| 999 |
_c35496 _d35496 |
||